000 00739nam a22002177a 4500
003 UA-OsUOA
001 49034
007 ta
008 20070917b un ||||| |||| 00| 0 ukr d
090 _a82.09(477)
_bП94
942 _cBK
040 _aUA-OsUOA
_bukr
_cUA-OsUOA
_dUA-OsUOA
245 _aПисемність Київської Русі і становлення української літератури
_bзбірник наукових праць
_cвідп. ред. В. І. Крекотень
300 _a316 с.
955 _a1
041 _aukr
080 _a82.09(477)
260 _aК.
_bНаукова думка
_c1988
650 7 _a82 Література. Літературознавство
_2UDC
999 _c335145
_d335145